Laboratory instruments : their design and application /

Saved in:
Bibliographic Details
Main Author: Elliott, Arthur
Other Authors: Dickson, J. Home
Format: Book
Language:English
Published: London : Chapman & Hall, 1959.
Edition:2d ed. rev.
Subjects:
LEADER 00985nam a2200265 i 4500
001 c000049703
003 CARM
005 20110607101731.0
008 800509s1959 uk a b 00000 eng d
019 1 |a 2696536  |z 24378580  |z 23046234  |5 LACONCORD2021 
035 |a (OCoLC)2384170  |5 LACONCORD2021 
040 |a VCAV  |c VCAV 
100 1 |a Elliott, Arthur. 
245 1 0 |a Laboratory instruments :  |b their design and application /  |c A. Elliott and J. Home Dickson. 
250 |a 2d ed. rev. 
260 |a London :  |b Chapman & Hall,  |c 1959. 
300 |a xvi, 514 p. :  |b ill. ;  |c 22 cm. 
504 |a Includes bibliographies. 
650 0 |a Scientific apparatus and instruments. 
650 0 |a Optical instruments. 
700 1 |a Dickson, J. Home, 
852 8 |b CARM  |h A2:AP16A0  |i B10606  |p 0333852  |f BK 
082 0 4 |a 681 
999 f f |i 92902b6c-4ad0-5657-a0c1-7bf82372df82  |s 9911ccd4-0554-5eda-adad-dab2e148dc47 
952 f f |p Can circulate  |a CAVAL  |b CAVAL  |c CAVAL  |d CARM 1 Store  |e B10606  |f A2:AP16A0  |h Other scheme  |i book  |m 0333852